100 suosituinta naisten nimeä alkukirjaimella B - Statistics

Yleistilastot
  • Tätä visaa on pelattu 33 kertaa
  • Keskiarvotulos 28 / 100
Vastaustilastot
% Oikein
Be
100%
Bea
88%
Beea
88%
Birgetta
85%
Birgit
85%
Birgitt
85%
Birgitta
85%
Birkitta
85%
Bella
81%
Berta
81%
Bertha
81%
Bertta
81%
Briita
69%
Briitta
69%
Brita
69%
Britta
69%
Barbara
54%
Beata
54%
Beáta
54%
Beatta
54%
Belinda
54%
Bianca
50%
Bria
50%
Beerit
46%
Berit
46%
Berith
46%
Betti
46%
Betty
46%
Beatrice
38%
Béatrice
38%
Beatrix
38%
Beatriz
38%
Belle
38%
Betina
38%
Bettiina
38%
Bettina
38%
Briana
38%
Brianna
38%
Barbro
31%
Brenda
31%
Britt
31%
Benita
27%
Brigitte
27%
Birit
23%
Billie
19%
Birita
19%
Biritta
19%
Blanca
19%
Blanka
19%
Bonnie
19%
Bambi
15%
Bernadette
15%
Bodil
15%
Bridget
15%
Brooke
15%
Bao
12%
Beda
12%
Beeda
12%
Beth
12%
Birgitte
12%
Britt-Mari
12%
Britt-Marie
12%
Beryl
8%
Bibi
8%
Bigga
8%
Biret
8%
Brigitta
8%
Babette
4%
Barita
4%
Beate
4%
Benjamin
4%
Bernice
4%
Brielle
4%
Bahar
0%
Bahareh
0%
Bahja
0%
Baraa
0%
Baran
0%
Bashiir
0%
Bashir
0%
Basma
0%
Batool
0%
Bayan
0%
Beada
0%
Bent
0%
Berfin
0%
Berivan
0%
Betül
0%
Bich
0%
Bilal
0%
Binta
0%
Bintou
0%
Birthe
0%
Blerina
0%
Blerta
0%
Blessing
0%
Blondine
0%
Boel
0%
Bojan
0%
Bushra
0%
Ehtoja vastaavia visoja ei löytynyt
Tulosjakauma
Jokaisen tuloksen saaneiden osuus
Persentiili vastausten määrän mukaan
Tuloshistoriasi
Et ole pelannut tätä visaa